Slave Master/ (Record no. 8404)

000 -LEADER
fixed length control field 00388nam a22001337a 4500
008 - FIXED-LENGTH DATA ELEMENTS--GENERAL INFORMATION
fixed length control field 151012b xxu||||| |||| 00| 0 eng d
020 ## - INTERNATIONAL STANDARD BOOK NUMBER
International Standard Book Number 0786014083
050 ## - LIBRARY OF CONGRESS CALL NUMBER
Classification number SPE HV 6533 .K3 2004
100 ## - MAIN ENTRY--PERSONAL NAME
Personal name Wiltz Sue.
Dates associated with a name 2004.
245 ## - TITLE STATEMENT
Title Slave Master/
260 ## - PUBLICATION, DISTRIBUTION, ETC. (IMPRINT)
Place of publication, distribution, etc. United States:
Name of publisher, distributor, etc. Pinnacle Books,
Date of publication, distribution, etc. 2004
300 ## - PHYSICAL DESCRIPTION
Extent 351p.:
942 ## - ADDED ENTRY ELEMENTS (KOHA)
Source of classification or shelving scheme
Koha item type Short Loan Books
Classification part SPE HV 6533 .K3 2004
Holdings
Withdrawn status Lost status Source of classification or shelving scheme Damaged status Not for loan Home library Current library Date acquired Source of acquisition Total Checkouts Full call number Barcode Date last seen Date last checked out Price effective from Koha item type
          MACHAKOS UNIVERSITY LIBRARY MACHAKOS UNIVERSITY LIBRARY 12/10/2015 Donation(B.F.A) 5 SPE HV 6533 .K3 2004 11852 10/02/2026 29/01/2026 12/10/2015 Special Collection
© Machakos University Library, Along The Highway, Machakos Wote Rd, Machakos, Kenya P.O. Box 136 - 90100 Machakos - Kenya

Tel: ( +254 ) 723 805829 OR Fax : 044-20353 OR Email: library@mksu.ac.ke